The lessons of the London government reforms (Record no. 415273)

000 -LEADER
fixed length control field 00435cam a22001217a 4500
008 - FIXED-LENGTH DATA ELEMENTS--GENERAL INFORMATION
fixed length control field 180718b1968 xxu||||| |||| 00| 0 eng d
082 ## - DEWEY DECIMAL CLASSIFICATION NUMBER
Classification number B706 x42 Un3 RS 2
245 ## - TITLE STATEMENT
Title The lessons of the London government reforms
Statement of responsibility, etc. By University of London
260 ## - PUBLICATION, DISTRIBUTION, ETC.
Place of publication, distribution, etc. London
Name of publisher, distributor, etc. HMSO
Date of publication, distribution, etc. 1968
300 ## - PHYSICAL DESCRIPTION
Extent 79p.
650 ## - SUBJECT ADDED ENTRY--TOPICAL TERM
Topical term or geographic name entry element Hillingdon (London, England) -- Politics and government
650 ## - SUBJECT ADDED ENTRY--TOPICAL TERM
Topical term or geographic name entry element London metropolitan area (England) -- Politics and government
Holdings
Withdrawn status Lost status Damaged status Not for loan Permanent Location Current Location Date acquired Full call number Barcode Date last seen Price effective from Koha item type
        Indian Institute of Public Administration Indian Institute of Public Administration 2009-03-03 B706 x42 Un3 RS 2 DA1206 2018-07-21 2018-07-21 DA

Powered by Koha